April 15th: Birthdays - Statistics

General Stats
  • This quiz has been taken 17 times
  • The average score is 3 of 15
Answer Stats
Year Clue Answer % Correct
1452 Painter of the Mona Lisa Leonardo da Vinci
93%
1990 Acted as Hermione Granger Emma Watson
71%
1707 Euler's Constant is named after him Leonardo Euler
21%
1912 Leader of North Korea Kim II-Sung
14%
1997 Game of Thrones actress Maisie Williams
14%
1982 Actor in The 40-Year-Old Virgin Seth Rogen
14%
1933 Actress in Samantha/Serena Bewitched Elizabeth Montgomery
7%
1469 Founder of Sikhism Guru Nanak
7%
1894 Soviet First Secratery Nikita Khrushchev
7%
1959 Oscar winner Emma Thompson
0%
1875 Heavyweight Boxing Champion James Jeffries
0%
1908 Actress in The Gold Rush Lita Grey
0%
1960 Belgian King Philippe of Belgium
0%
1943 Nobel Prize winner Robert Lefkowitz
0%
1940 MLB Center Fielder for the Dodgers Willie Davis
0%
No matching quizzes found
Score Distribution
Percent of People with Each Score
Percentile by Number Answered
Your Score History
You have not taken this quiz